| 000 | 00864nam a2200181Ia 4500 | ||
|---|---|---|---|
| 008 | 090630s9999 xx 000 0 und d | ||
| 082 | _b28651 | ||
| 100 | _aदुर्गे वि. गो. | ||
| 245 |
_aप्रमुख रोगांचा परिचय आणि सुलभ घरगुती उपचार. _cदुर्गे वि. गो. |
||
| 260 |
_bविद्या विकास - नागपूर. _c2000 |
||
| 300 | _a231 | ||
| 600 | _aदुर्गे वि. गो. | ||
| 630 | _aप्रमुख रोगांचा परिचय आणि सुलभ घरगुती उपचार. | ||
| 655 | _aइतर. | ||
| 700 | _aदुर्गे वि. गो. | ||
| 730 | _aप्रमुख रोगांचा परिचय आणि सुलभ घरगुती उपचार. | ||
| 942 | _cBOOK | ||
| 999 |
_c280507 _d280507 |
||